Central Library OPAC University of Rajshahi

Introduction to protein chemistry / (Record no. 55530)

MARC details
000 -LEADER
fixed length control field 00723nam a2200241 a 4500
001 - CONTROL NUMBER
control field 55530
003 - CONTROL NUMBER IDENTIFIER
rucl marc code BD-RjUL
005 - DATE AND TIME OF LATEST TRANSACTION
control field 20211209080258.0
008 - FIXED-LENGTH DATA ELEMENTS--GENERAL INFORMATION
fixed length control field 161119s1957 nyua b 001 0 eng
035 ## - SYSTEM CONTROL NUMBER
System control number (BD-RjUL)55653
040 ## - CATALOGING SOURCE
Original cataloging agency DLC/ICU
Transcribing agency ICU
Modifying agency DLC
-- BD-RjUL
Language of cataloging eng
041 ## - LANGUAGE CODE
Language code of text/sound track or separate title eng
082 00 - DEWEY DECIMAL CLASSIFICATION NUMBER
Classification number 572.6
Edition number 23
Author mark and year FOI 1957
100 1# - MAIN ENTRY--PERSONAL NAME
Personal name Fox, Sidney W.
9 (RLIN) 165401
245 10 - TITLE STATEMENT
Title Introduction to protein chemistry /
Statement of responsibility, etc. [by] Sidney W. Fox and Joseph F. Foster.
260 ## - PUBLICATION, DISTRIBUTION, ETC. (IMPRINT)
Place of publication, distribution, etc. New York :
Name of publisher, distributor, etc. Wiley
Date of publication, distribution, etc. c1957
300 ## - PHYSICAL DESCRIPTION
Pagination 459 p :
Illustrations ill. ;
Size 24 cm.
504 ## - BIBLIOGRAPHY, ETC. NOTE
Bibliography, etc Includes bibliography and index
650 #0 - SUBJECT ADDED ENTRY--TOPICAL TERM
Topical term or geographic name as entry element Proteins.
9 (RLIN) 165402
700 1# - ADDED ENTRY--PERSONAL NAME
Personal name Foster, Joseph F.,
Relator term joint author.
942 ## - ADDED ENTRY ELEMENTS (KOHA)
Source of classification or shelving scheme Dewey Decimal Classification
Koha item type Books
Holdings
Lost status Source of classification or shelving scheme Damaged status Not for loan Collection code Permanent Location Current Location Shelving location Date acquired Source of acquisition Cost, normal purchase price Total Checkouts Full call number Date last seen Copy number Koha item type
  Dewey Decimal Classification     Non-fiction Central Library, University of Rajshahi Central Library, University of Rajshahi   31/01/1963 Zeittinger 72.00   572.6 FOI 1957 19/11/2016 C-2 Books
  Dewey Decimal Classification   Not For Loan Non-fiction Central Library, University of Rajshahi Central Library, University of Rajshahi Reading Room 07/01/1959 John wiley 8.55   572.6 FOI 1957 16/04/2017 C-1 Books